Dynamika a stabilita práva v podnikateľských vzťahoch

Stabilita a dynamika v práve. Aktuálne problémy legislatívneho procesu a ich vplyv na efektivitu a stabilitu právnych procesov. Vymožiteľnosť práva.

Salvato in:
Dettagli Bibliografici
Autore principale: Kmeťová, Oľga, 1959-
Natura: Capitolo di libro
Lingua:slovacco
Soggetti:
Tags: Aggiungi Tag
Nessun Tag, puoi essere il primo ad aggiungerne!!

MARC

LEADER 00000nla a2200000 4500
001 0192788
005 20240502073232.0
041 0 |a slo 
044 |a SK 
245 1 0 |a Dynamika a stabilita práva v podnikateľských vzťahoch  |c Oľga Kmeťová 
520 |a Stabilita a dynamika v práve. Aktuálne problémy legislatívneho procesu a ich vplyv na efektivitu a stabilitu právnych procesov. Vymožiteľnosť práva. 
610 2 0 |a podnikanie 
610 2 0 |a právo 
610 2 0 |a vymožiteľnosť práva 
100 1 |a Kmeťová, Oľga, 1959-